Statistics for Hardest country to escape

Click here to take the quiz!

General Stats

  • This quiz has been taken 25 times
  • The average score is 4 of 10

Answer Stats

HintAnswer% Correct
North Korea
96%
China
74%
Russia
65%
USA
43%
Belarus
26%
Eritrea
17%
Saudi Arabia
17%
Kerguelen Islands
4%
Tonga
4%
Territory’sTristan Da Cuna
4%

Score Distribution

Percentile by Number Answered

Percent of People with Each Score

Your Score History

You have not taken this quiz